000
00251nam a2200109Ia 4500
100
_a
Khanna/ P. N.
942
_c
BK
654
_a
Handbook
245
_a
Civil engineers handbook
260
_b
Engineering publishers
_a
New Delhi
_c
1979
546
_a
ENGLISH
999
_c
23189
_d
23189